• 首页
  • 本馆介绍
  • 公告通知
  • 最新文献
  • 馆藏检索
  • 电子资源
  • 读者导购
  • 参考咨询
  • 我的图书馆
  • 登录
  • 详细信息显示
  • 放入我的书架
  • 预约/预借图书
  • 作者相关作品
  • 分类相关作品
  • 丛书相关作品
  • 出版社相关作品

书目信息

  • 表格格式
  • 工作单格式
  • 卡片格式
题名:
扇子舞
    
 
作者: 张颖 主编
分册:  
出版信息: 长春   吉林出版集团股份有限公司  2021.1
页数: 122页
开本: 23cm
丛书名: 全民健身计划系列丛书
单 册:
中图分类: G834.29
科图分类:
主题词: 扇操--基本知识
电子资源:
ISBN: 978-7-5581-7963-1
000 00868nam0 2200265 450
001 012001001355
005 20141202141303.0
010    @a978-7-5581-7963-1@dCNY36.00
100    @a20220905d2020 em y0chiy50 ea
101 0  @achi
102    @aCN@b220000
105    @aa z 000yy
106    @ar
200 1  @a扇子舞@Ashan zi wu@f张颖主编
210    @a长春@c吉林出版集团股份有限公司@d2021.1
215    @a122页@c彩图@d23cm
225 1  @a全民健身计划系列丛书@f张颖主编
312    @a封面英文题名:Fan dance
330    @a本书分为扇子舞的概述、运动保健和基本技术三章,涵盖起源与发展、场地·器材和装备、自我身体评价、运动价值、运动保护、基础知识、基本动作等内容。
510 1  @aFan dance@zeng
606 0  @a扇操@x基本知识
690    @aG834.29@v5
701  0 @a张颖@Azhang ying@f(1978.2~)@4主编
801  0 @aCN@bAHXH@c20221111
905    @b1363083-7@dG834.29@e248@f5
    
    扇子舞/张颖主编.-长春:吉林出版集团股份有限公司,2021.1
    122页:彩图;23cm.-(全民健身计划系列丛书/张颖主编)
    
    
    ISBN 978-7-5581-7963-1:CNY36.00
    本书分为扇子舞的概述、运动保健和基本技术三章,涵盖起源与发展、场地·器材和装备、自我身体评价、运动价值、运动保护、基础知识、基本动作等内容。
●
相关链接 在E读中查询图书 在五车中查询图书 在当当中查询图书 在豆瓣中查询图书


正题名:扇子舞     索取号:G834.29/248         预约/预借

序号 登录号 条形码 馆藏地/架位号 状态 备注
1 1363083   213630837   第一样本阅览室/ [索取号:G834.29/248] 在馆    
2 1363084   213630846   教育系资料室/ [索取号:G834.29/248] 在馆    
3 1363085   213630855   教育系资料室/ [索取号:G834.29/248] 在馆    
4 1363086   213630864   第四借阅区/ [索取号:G834.29/248] 在馆    
5 1363087   213630873   第四借阅区/ [索取号:G834.29/248] 在馆    
6 1393457   213934572   第四借阅区/ [索取号:G834.29/248] 在馆    
7 1393458   213934581   第四借阅区/ [索取号:G834.29/248] 在馆    
8 1393459   213934590   第四借阅区/ [索取号:G834.29/248] 在馆    
9 1393460   213934607   第四借阅区/ [索取号:G834.29/248] 在馆    
唐山师范学院图书馆 欢迎您!
大连网信软件有限公司© 版权所有